|
|
|
|
| LEADER |
00000nam a22000007a 4500 |
| 005 |
20201211114839.0 |
| 007 |
cr|||| |||| |
| 008 |
201211s2014 co |||||s|||| 00||0 spa d |
| 020 |
|
|
|a 978-958-716-698-9
|
| 035 |
|
|
|a 32254
|
| 040 |
|
|
|a vLex
|
| 090 |
|
|
|c 10942
|d 10942
|
| 100 |
1 |
|
|a Saųdo Pazos, Mara̕ Fernanda
|
| 245 |
1 |
0 |
|a Enfoque basado en derechos humanos
|h [Recurso electrn̤ico] :
|b Gua̕ para su uso en incidencia polt̕ica y polt̕icas pb︢licas /
|c Mara̕ Fernanda Saųdo Pazos, Ricardo Sǹchez Cr̀camo
|
| 256 |
|
|
|a Servicio en ln̕ea
|
| 260 |
|
|
|a Bogot:̀
|b Pontificia Universidad Javeriana,
|c 2014
|
| 300 |
|
|
|a 1 recurso electrn̤ico
|
| 500 |
|
|
|a Este libro tiene como finalidad brindar a los lectores y las lectoras conceptos y herramientas para incorporar el enfoque basado en derechos humanos a las acciones que, por un lado, realiza la sociedad civil organizada para exigir el cumplimiento de las obligacion es estatales en materia de la proteccin̤, garanta̕ y respeto de los derechos humanos y, por otro, a las estrategias que los entes gubernamentales despliegan para avanzar en la realizacin̤ de los derechos de ciudadanos y ciudadanas, en especf̕ico en el diseǫ y puesta en marcha de polt̕icas pb︢licas. As,̕ este texto ofrece los elementos ter̤icos y prc̀ticos para que actores de la sociedad civil y funcionarias y funcionarios pb︢licos, tengan la capacidad de usar en sus acciones los principios de la normativa internacional y regional para la defensa de los derechos humanos.
|
| 506 |
1 |
|
|a Disponible solo en los productos indicados
|d vLex Global
|d vLex Global (Academic Edition, excluding Law Schools)
|d vLex Global (U.S. Academic Edition, Law Schools)
|d vLex Global (U.S. Academic Edition, excluding Law Schools)
|d vLex Global (Academic Edition, Law Schools)
|
| 650 |
0 |
4 |
|a Derecho Constitucional
|z Colombia
|
| 650 |
0 |
4 |
|a Economa̕ Espaǫla
|z Colombia
|
| 650 |
0 |
4 |
|a Administracin̤ Pb︢lica
|z Colombia
|
| 700 |
1 |
|
|a Sǹchez Cr̀camo, Ricardo
|
| 740 |
0 |
|
|a vLex Libros (Servicio en ln̕ea)
|
| 856 |
4 |
0 |
|u http://vlex.com/source/enfoque-basado-en-derechos-humanos-guia-para-su-uso-en-incidencia-politica-y-politicas-publicas-32254
|z Acceso restringido
|
| 942 |
|
|
|c BOOK
|
| 999 |
0 |
|
|a Constitutional Law
|
| 999 |
0 |
|
|a Spanish Economy
|
| 999 |
0 |
|
|a Public Administration
|